Vista normal
Vista MARC
Entrada Personal Name
Número de registros utilizados en: 1
001 - CONTROL NUMBER
- control field: 1701
003 - CONTROL NUMBER IDENTIFIER
- control field: OSt
005 - DATE AND TIME OF LATEST TRANSACTION
- control field: 20120418111514.0
008 - FIXED-LENGTH DATA ELEMENTS
- fixed length control field: 120418|||a|||||| | ||| d
040 ## - CATALOGING SOURCE
- Original cataloging agency: OSt
- Transcribing agency: OSt
100 ## - HEADING--PERSONAL NAME
- Personal name: Cañizares, Orlando
- Relator term: Consultor
670 ## - SOURCE DATA FOUND
- Source citation: Work cat.: (OSt)322: Atlas de acné y dermatosis relacionadas con el acné / , 1981.